Mitski’s Music Videos - Statistics

General Stats
  • This quiz has been taken 17 times
  • The average score is 9 of 16
Answer Stats
Picture Answer % Correct
Nobody
83%
Stay Soft
75%
Washing Machine Heart
75%
Working for the Knife
75%
A Pearl
67%
Happy
67%
Star
67%
Townie
67%
My Love Mine All Mine
58%
Because Dreaming Costs Money, My Dear
50%
Geyser
50%
The Only Heartbreaker
50%
A Burning Hill
42%
Bug Like An Angel
42%
Class of 2013
33%
Love Me More
33%
No matching quizzes found
Score Distribution
Percent of People with Each Score
Percentile by Number Answered
Your Score History
You have not taken this quiz